000 00630nam a2200265Ia 4500
005 20260306163530.0
008 008 260114s9999 xx 000 0 eng d
020 _a9781447362791
037 _aEBOOK
040 _aCRL
040 _beng
040 _cCRL
041 _2eng
041 _aeng
084 _qCRL
100 _aBatsleer
_91128827
245 0 _aYoung People, Radical Democracy And Community Development
260 _bThe Policy Press
260 _c2023
650 _aSocial Work
856 _uhttps://academic.oup.com/book/46024
942 _cEBOOK
999 _c1710478
_d1710478